000 00848nam a2200265 i 4500
001 71625
003 ES-MaACL
005 20250814065126.0
007 t|
008 040813s1968 fr ||||1| fre d
080 _a911.3
080 _a338(100)
100 1 _aGeorge, Pierre.
_956386
245 1 0 _aPanorama du monde actuel /
_cpar Pierre George.
250 _a2e éd. mise à jour.
260 _aParis :
_bPresses Universitaires de France,
_c1968.
300 _a276, [8] p. de lám. :
_bil. ;
_c19 cm.
490 1 _aMagellan. La géographie et ses problèmes ;
_v1
504 _aBibliografía: p. 257-274.
650 0 7 _aGeografía económica
_2embne
_913077
830 1 _aMagellan. La géographie et ses problèmes ;
_v1
_9182333
852 _aES-MaACL
_jE-5686
852 _aES-MaACL
_jE-14661
_xOlim P-507
999 _c71625
_d71625